Mujer y escritura: fundamentos teóricos de la crítica feminista

Salvato in:
Dettagli Bibliografici
Autore principale: Guerra, Lucía (Autore)
Natura: Libro
Lingua:spagnolo
Pubblicazione: Santiago Cuarto Propio 2008
Edizione:1a. ed
Serie:Ensayo/Literatura
Soggetti:
Tags: Aggiungi Tag
Nessun Tag, puoi essere il primo ad aggiungerne!!

MARC

LEADER 00000nam a2200000 a 4500
001 UCH0570
003 CL-VaPUC
008 090320e20080000CL |||||||||||||||||spa|d
020 |a 9789562604482 
082 0 4 |a 305.4  |b GUE  |2 21 
100 0 |a Guerra, Lucía  |e author  |9 345734 
245 1 0 |a Mujer y escritura: fundamentos teóricos de la crítica feminista 
250 |a 1a. ed 
300 |a 136 p 
942 |c BK 
945 |d 20090320 00:00:00  |a rbrito 
260 |a Santiago  |b Cuarto Propio  |c 2008 
650 0 |a Mujeres  |9 257649 
650 0 |a Feminismo  |9 259085 
650 0 |a Mujeres en literatura  |9 317651 
583 |a last modification  |c 20140401 10:42:07  |k Rodrigo Vera 
490 0 |a Ensayo/Literatura 
999 |c 332853  |d 332851 
952 |0 0  |1 0  |4 0  |6 305_400000000000000_GUE_2008  |7 0  |8 A  |9 420868  |a BIBCUR  |b BIBCUR  |d 2019-11-22  |i 4522648  |o 305.4 GUE 2008  |p 4522648  |r 2025-04-22  |w 2019-11-22  |y BK  |k PER 
952 |0 0  |1 0  |4 0  |6 305_400000000000000_GUE_2008  |7 0  |8 A  |9 420870  |a BIBCUR  |b BIBCUR  |d 2019-11-22  |i 4710363  |o 305.4 GUE 2008  |p 4710363  |r 2025-04-22  |w 2019-11-22  |y BK  |k PER